000 00841nam a2200241 a 4500
001 65256
003 BD-RjUL
005 20211209081413.0
008 170302r19721967ii ab b 001 0 eng d
020 _c: IRs 15.00
035 _a(BD-RjUL)65386
040 _aNU
_beng
_cNU
_dBD-RjUL
041 _aben
082 1 4 _a891.4414
_223
_bMAR 2016
100 1 _aমাহাতা, বীরেন্দ্র
_9193172
245 1 0 _aরবীন্দ্র বিচিত্রা ভাবনা /
_cবীরেন্দ্র মাহাতা,
260 _aসাতক্ষীরা :
_bমানব,
_c২০১৬
300 _axii, 856, xxxix p. :
_bill. ;
_c24 cm.
504 _aIncludes references and Indexes
650 0 _aবাংলা সাহিত্য.
_9170297
650 0 _aBengali Language
_9223681
942 _2ddc
_cBK
999 _c65256
_d65256